000 00622nam a2200205Ia 4500
001 7403
003 GE_BSU
008 181216s||||||||xx |||||||||||||| ||und||
040 _cGE_BSU
080 _a821.111.1-32
100 _aდადიანი,შალვა.
245 _aგამარჯვება:მოთხრობები.
245 _cრედ:რ.გვეტაძე.
260 _aთბილისი.
260 _bფედერაცია.
260 _c1942.
300 _a64გვ;14სმ.
653 _aგამარჯვება:მოთხრობები.
942 _cBK
999 _c40764
_d40764